Pink around the rink / (Record no. 4646)

MARC details
000 -LEADER
fixed length control field 01080cam a2200337 a 4500
001 - CONTROL NUMBER
control field 4646
003 - CONTROL NUMBER IDENTIFIER
control field FISKH
005 - DATE AND TIME OF LATEST TRANSACTION
control field 20240918151850.0
008 - FIXED-LENGTH DATA ELEMENTS--GENERAL INFORMATION
fixed length control field 100507s2010 nyua b 000 1 eng
010 ## - LIBRARY OF CONGRESS CONTROL NUMBER
LC control number 2010012633
020 ## - INTERNATIONAL STANDARD BOOK NUMBER
International Standard Book Number 9780061928802 (trade bdg.)
020 ## - INTERNATIONAL STANDARD BOOK NUMBER
International Standard Book Number 9780061928796
020 ## - INTERNATIONAL STANDARD BOOK NUMBER
International Standard Book Number 9780061928796 (pbk. bdg.)
040 ## - CATALOGING SOURCE
Original cataloging agency DLC
Transcribing agency DLC
Modifying agency DLC
Language of cataloging eng
050 ## - LIBRARY OF CONGRESS CALL NUMBER
Classification number PZ7.K12774
082 ## - DEWEY DECIMAL CLASSIFICATION NUMBER
Classification number 813.6
100 1# - MAIN ENTRY--PERSONAL NAME
Personal name Kann, Victoria.
245 10 - TITLE STATEMENT
Title Pink around the rink /
Statement of responsibility, etc. by Victoria Kann.
260 ## - PUBLICATION, DISTRIBUTION, ETC.
Place of publication, distribution, etc. New York :
Name of publisher, distributor, etc. Harper,
Date of publication, distribution, etc. 2010.
300 ## - PHYSICAL DESCRIPTION
Extent 32 pages :
Other physical details color illustrations ;
Dimensions 23 cm
490 0# - SERIES STATEMENT
Series statement I can read! Beginning reading 1
505 ## - FORMATTED CONTENTS NOTE
Formatted contents note I<br/>
520 ## - SUMMARY, ETC.
Summary, etc. Pinkalicious's new ice skates are plain white, so before she takes them out on the ice she decides to color them with her cotton candy pink magic marker.
521 ## - TARGET AUDIENCE NOTE
Target audience note 460<br/>
Source Lexile estimate <br/>
521 ## - TARGET AUDIENCE NOTE
Target audience note I<br/>
Source Raz-Plus<br/>
650 #1 - SUBJECT ADDED ENTRY--TOPICAL TERM
Topical term or geographic name entry element Ice skating
Form subdivision Fiction.
650 #1 - SUBJECT ADDED ENTRY--TOPICAL TERM
Topical term or geographic name entry element Pink
Form subdivision Fiction.
906 ## - LOCAL DATA ELEMENT F, LDF (RLIN)
a 7
b cbc
c orignew
d 1
e ecip
f 20
g y-gencatlg
942 ## - ADDED ENTRY ELEMENTS (KOHA)
Source of classification or shelving scheme Dewey Decimal Classification
Koha item type Books
Suppress in OPAC No
Holdings
Withdrawn status Lost status Source of classification or shelving scheme Damaged status Not for loan Collection Home library Current library Shelving location Date acquired Total Checkouts Full call number Barcode Date last seen Date last checked out Price effective from Koha item type
    Dewey Decimal Classification     Juvenile Fiction Footprints International School Library Network Toul Kork Campus Footprints International School Library Network Toul Kork Campus TK Primary Library Room(4th Floor), Bookcase 1&2, Shelves 1-16, Dark Blue Books 09/18/2024 2 KAN 813.6 PZ7.K12774 FISTK03886 04/01/2026 03/25/2026 09/18/2024 Books